A time for playing / (Record no. 110174)
[ view plain ]
| 000 -LEADER | |
|---|---|
| fixed length control field | 00518nam a2200157 a 4500 |
| 005 - DATE AND TIME OF LATEST TRANSACTION | |
| control field | 20140414131851.0 |
| 008 - FIXED-LENGTH DATA ELEMENTS--GENERAL INFORMATION | |
| fixed length control field | 100729s19uu xx 00 eng d |
| 050 ## - LIBRARY OF CONGRESS CALL NUMBER | |
| Classification number | M 591.51 |
| Item number | H62 1994 |
| 100 ## - MAIN ENTRY--PERSONAL NAME | |
| Personal name | Hirschi, Ron |
| 245 ## - TITLE STATEMENT | |
| Title | A time for playing / |
| Statement of responsibility, etc | Ron Hirschi ; photographs by Thomas D. Mangelsen. |
| 260 ## - PUBLICATION, DISTRIBUTION, ETC. (IMPRINT) | |
| Place of publication, distribution, etc | New York : |
| Name of publisher, distributor, etc | Cobblehill Books/Dutton, |
| Date of publication, distribution, etc | 1994. |
| 440 ## - SERIES STATEMENT/ADDED ENTRY--TITLE | |
| Title | A How animals live book |
| 650 ## - SUBJECT ADDED ENTRY--TOPICAL TERM | |
| Topical term or geographic name as entry element | Play behavior in animals --Juvenile literature. |
| 650 ## - SUBJECT ADDED ENTRY--TOPICAL TERM | |
| Topical term or geographic name as entry element | Animals --Play behavior. |
| Withdrawn status | Lost status | Damaged status | Home library | Current library | Shelving location | Date acquired | Source of acquisition | Total Checkouts | Full call number | Barcode | Date last seen | Price effective from | Koha item type |
|---|---|---|---|---|---|---|---|---|---|---|---|---|---|
| Munich Library | Munich Library | Main Section | 07/29/2010 | M 591.51 H62 1994 | M0482 | 04/14/2014 | 04/14/2014 | Books |